000 00667nam 22001813 4500
001 32672
090 _a32672
100 _a20260402d1998 u||y0engy50 ba
101 _aeng
102 _aDK
200 _aIces Cooperative research report, rapport des recherches collectives
_eReport of the ICES advisory committee on fishery management, 1997, part 1
207 _aN.º 223
210 _aDinamarca, Copenhaga
_cInternacional Council for the Explration of the Sea
_d1998
215 _a413 p.
_cil.
_d31 cm
300 _aNota: Conselho Internacional para a Exploração do Mar
307 _aBrochado
345 _dOferta
710 _aComitê consultivo do ICES sobre gestão da pesca